Goodman and Gilman's the Pharmacological basis of therapeutics (Record no. 24775)

MARC details
000 -LEADER
fixed length control field 00383nam a22001577a 4500
003 - CONTROL NUMBER IDENTIFIER
control field SGT
020 ## - INTERNATIONAL STANDARD BOOK NUMBER
International Standard Book Number 9781265016982
082 ## - DEWEY DECIMAL CLASSIFICATION NUMBER
Classification number 617.621
Item number G23B
100 ## - MAIN ENTRY--PERSONAL NAME
Personal name Brunton, Lawrence
245 ## - TITLE STATEMENT
Title Goodman and Gilman's the Pharmacological basis of therapeutics
260 ## - PUBLICATION, DISTRIBUTION, ETC. (IMPRINT)
Name of publisher, distributor, etc Mc Graw Hill
Year of Publication 2023
300 ## - PAGE DESCRIPTION
No. of Pages 1644
650 ## - SUBJECT ADDED ENTRY--TOPICAL TERM
Topical term or geographic name as entry element Pharmacology
653 ## - KEYWORDS--INDEX TERM
Keyword term Pharmacology
942 ## - ADDED ENTRY ELEMENTS (KOHA)
Source of classification or shelving scheme Dewey Decimal Classification
Koha item type Books
Holdings
Withdrawn status Lost status Source of classification or shelving scheme Damaged status Not for loan Home library Current library Shelving location Date acquired Vendor Name SGTU Bill Number Total Checkouts Full call number Accession No. (Barcode) Date last seen Date last borrowed Bill Date Koha item type
    Dewey Decimal Classification     SGT Dental Library SGT Dental Library Reference Book 12/07/2023 Ahuja Book Co. Pvt. Ltd. SGTU 16974 1 617.621 G23B FD9055 09/05/2025 09/05/2025 28/06/2023 Books